| 000 | 00536nam a22001697a 4500 | ||
|---|---|---|---|
| 999 |
_c23284 _d23284 |
||
| 003 | BDDh-ASL | ||
| 005 | 20231015030223.0 | ||
| 008 | 210322s1973 usa||||| |||| 00| 0 eng d | ||
| 040 |
_aBDDh-ASL _cBDDh-ASL |
||
| 082 |
_a950 _bHUA |
||
| 100 | 1 |
_93475 _aHucker, Charles O. |
|
| 245 | 1 | 4 |
_aThe Association for Asian Studies: _ban interpretive history / |
| 260 |
_aUSA: _bUniversity of Washington Press, _c1973. |
||
| 300 |
_a102 p. : _c22 cm. |
||
| 650 | 0 |
_93476 _aAsian Studies _xHistory _zUnited States of America |
|
| 942 |
_2ddc _cBK |
||